000
00303nam a22001457a 4500
008
210527b ||||| |||| 00| 0 eng d
020
_a
9780195059267
041
_a
eng
080
_a
316
082
_a
316
100
_a
50
101
_a
SOC
245
_a
Domestic Tyranny
_c
Pleck,E
942
_2
udc
_c
BK
999
_c
57703
_d
57703